Derecho público universal

-д хадгалсан:
Номзүйн дэлгэрэнгүй
Үндсэн зохиолч: Bluntschli, J. G (Зохиогч)
Формат: Ном
Хэл сонгох:испани
Хэвлэсэн: Madrid F. Góngora 1880
Нөхцлүүд:
Шошгууд: Шошго нэмэх
Шошго байхгүй, Энэхүү баримтыг шошголох эхний хүн болох!

MARC

LEADER 00000nam a2200000 a 4500
001 UCR4124
003 CL-VaPUC
008 980307e18800000SP |||||||||||||||||spa|d
082 0 4 |a 341.488  |b BLU  |2 21 
100 0 |a Bluntschli, J. G  |e author  |9 403778 
245 1 0 |a Derecho público universal 
300 |a t 
942 |c BK 
945 |d 19980307 00:00:00  |a cmena 
260 |a Madrid  |b F. Góngora  |c 1880 
500 |a t.1: Teoría general del estado 
650 7 |a DERECHO INTERNACIONAL PUBLICO  |2 CL-VaPUC  |9 403779 
650 0 |a Derecho natural   |9 255041 
650 0 |a Historia del derecho  |9 255109 
650 0 |a Estado y derecho  |9 255403 
650 0 |a Soberanía  |9 266726 
650 0 |a Administración pública   |9 255343 
650 0 |a Formas de gobierno  |9 255257 
583 |a last modification  |c 19980307 00:00:00  |k Rodrigo Vera 
999 |c 267076  |d 267074 
952 |0 0  |1 0  |4 0  |6 341_488000000000000_BLU_1880  |7 0  |8 X  |9 299235  |a BIBDER  |b BIBDER  |d 2019-11-20  |h t.1  |i 195766K  |o 341.488 BLU 1880  |p 195766K  |r 2023-01-25  |w 2019-11-20  |y BK_X  |k DER